| 000 | 00346nam a2200133Ia 4500 | ||
|---|---|---|---|
| 008 | 210430s9999 xx 000 0 und d | ||
| 082 | _a669 D5591 M | ||
| 100 | _aGeorge E.Dieter | ||
| 245 |
_aMechanical Metallurgy / _cGeorge E.Dieter |
||
| 250 | _a3rd edition | ||
| 260 |
_aNew yorkk _bMcGraw- Hill _c1986 |
||
| 300 | _a751p | ||
| 942 |
_cBK _2ddc |
||
| 999 |
_c562026 _d562026 |
||